000 00584nam a22002057a 4500
003 OSt
005 20140310181804.0
008 130704t xxu||||| |||| 00| 0 eng d
020 _a9622583113
050 _aPE 1449
_b.W924 2004
082 _aREF 428
_b W89 2004
245 _aWord power builder :
_bimprove your English as you build your vocabulary/
260 _aChina :
_bReader's Digest Assoc., Ltd,
_c c2004.
300 _a704 p. :
_c26 cm.
520 _a1. English-Language
521 _aBasic Ed. Students
541 _j1
562 _e1
942 _2lcc
_cBK-GR
_kREF
999 _c3738
_d3738